| 000 | 00408cam a22001097a 4500 | ||
|---|---|---|---|
| 008 | 180718b xxu||||| |||| 00| 0 eng d | ||
| 082 | _aK782x54 In2s/1964-65 | ||
| 245 |
_aA special review of vigilance and anti- corporation work done during 1964-65 _cby Central Bureau of Investigation, India |
||
| 260 |
_a _bCentral Bureau of Investigation _c |
||
| 300 | _a178+p. | ||
| 700 | _aIndia. Central Bureau of Investigation | ||
| 999 |
_c500138 _d500138 |
||